Southville International School and Colleges
Your cart is empty.
  • Cart
  • Lists
    Public lists list_1 View all
    Your lists Log in to create your own lists
  • Log in to your account
  • Your cookies
  • Search history
Southville International School and Colleges
  • Advanced search
  • Recent comments
  • Most popular
  • Libraries

Log in to your account

Log in with GOOGLE


If you do not have an external account, but do have a local account, you can still log in:

  1. Home
  2. MARC view: Art appreciation
Normal view MARC view ISBD view

Art appreciation (Record no. 365178)

[ view plain ]
MARC details
000 -LEADER
fixed length control field 00645nam a22002057a 4500
003 - CONTROL NUMBER IDENTIFIER
control field 0
005 - DATE AND TIME OF LATEST TRANSACTION
control field 20230818125735.0
008 - FIXED-LENGTH DATA ELEMENTS--GENERAL INFORMATION
fixed length control field 230818b xxu||||| |||| 00| 0 eng d
020 ## - INTERNATIONAL STANDARD BOOK NUMBER
International Standard Book Number 978-621-409-170-6
050 ## - LIBRARY OF CONGRESS CALL NUMBER
Classification number NX 280
Item number .So65 2023
100 ## - MAIN ENTRY--PERSONAL NAME
Personal name Solmerano, Ernesto Thaddeus M.
245 ## - TITLE STATEMENT
Title Art appreciation
Statement of responsibility, etc Ernesto Thaddeus M. Solmerano
250 ## - EDITION STATEMENT
Edition statement Second edition
260 ## - PUBLICATION, DISTRIBUTION, ETC. (IMPRINT)
Place of publication, distribution, etc Mandaluyong City
Name of publisher, distributor, etc Books Atbp. Publishing Corp.
Date of publication, distribution, etc c2023
300 ## - PHYSICAL DESCRIPTION
Extent xiv, 221 pages :
Other physical details ill. ;
Dimensions 23 cm.
500 ## - GENERAL NOTE
General note Art--study & teaching.
504 ## - BIBLIOGRAPHY, ETC. NOTE
Bibliography, etc Includes bibliographical references.
650 ## - SUBJECT ADDED ENTRY--TOPICAL TERM
Topical term or geographic name as entry element Art--study & teaching.
942 ## - ADDED ENTRY ELEMENTS (KOHA)
Source of classification or shelving scheme Library of Congress Classification
Koha item type Books
Holdings
Withdrawn status Lost status Source of classification or shelving scheme Damaged status Home library Current library Shelving location Date acquired Source of acquisition Total Checkouts Full call number Barcode Date last seen Price effective from Koha item type
    Library of Congress Classification   College Library College Library Filipiniana Section 08/18/2023 Library Fund   NX 280 .So65 2023 C22900 08/18/2023 08/18/2023 Books

Art appreciation

APA

Solmerano E. T. M., . (2023). Art appreciation. Mandaluyong City: Books Atbp. Publishing Corp.

Chicago

Solmerano Ernesto Thaddeus M, . 2023. Art appreciation. Mandaluyong City: Books Atbp. Publishing Corp.

Harvard

Solmerano E. T. M., . (2023). Art appreciation. Mandaluyong City: Books Atbp. Publishing Corp.

MLA

Solmerano Ernesto Thaddeus M, . Art appreciation. Mandaluyong City: Books Atbp. Publishing Corp. 2023.

  • Place hold
  • Print
  • Cite
  • Add to your cart (remove)
  • Save record
    BIBTEX Dublin Core MARCXML MARC (non-Unicode/MARC-8) MARC (Unicode/UTF-8) MARC (Unicode/UTF-8, Standard) MODS (XML) RIS
  • More searches
    Search for this title in:
    Other Libraries (WorldCat) Other Databases (Google Scholar) Online Stores (Bookfinder.com) Open Library (openlibrary.org)

Exporting to Dublin Core...

SOUTHVILLE LIBRARY

Southville International School and Colleges Library

1281 Tropical Ave. Cor. Luxembourg St., BF Homes International, Las Pinas City

Tel. No. 8256374 / 252358 Loc. 117/146

Powered by Koha